Elements of Forecasting / (Record no. 9004)

MARC details
000 -LEADER
fixed length control field 00661cam a22002172 4500
001 - CONTROL NUMBER
control field 0000019577
005 - DATE AND TIME OF LATEST TRANSACTION
control field 20151217152157.0
008 - FIXED-LENGTH DATA ELEMENTS--GENERAL INFORMATION
fixed length control field 110111s xx 000 0 eng d
020 ## - INTERNATIONAL STANDARD BOOK NUMBER
International Standard Book Number 0324163827
040 ## - CATALOGING SOURCE
Original cataloging agency KABU
Transcribing agency KABU
100 1# - MAIN ENTRY--PERSONAL NAME
Personal name Diebold, Francis X.
-- 0000179351
245 10 - TITLE STATEMENT
Title Elements of Forecasting /
Statement of responsibility, etc. Francis X. Diebold.
250 ## - EDITION STATEMENT
Edition statement 3rd ed.
260 ## - PUBLICATION, DISTRIBUTION, ETC. (IMPRINT)
Place of publication, distribution, etc. Thomson :
Name of publisher, distributor, etc. South-Western,
Date of publication, distribution, etc. 2004.
300 ## - PHYSICAL DESCRIPTION
Extent xi,433 p.
650 #0 - SUBJECT ADDED ENTRY--TOPICAL TERM
Topical term or geographic name as entry element Forecasting
General subdivision Statistical methods.
-- 0000149843
650 #0 - SUBJECT ADDED ENTRY--TOPICAL TERM
Topical term or geographic name as entry element Forecasting
General subdivision Problems, exercises, etc.
-- 0000179352
852 1# - LOCATION
-- p4673 KES
908 ## - PUT COMMAND PARAMETER (RLIN)
Put command parameter 110111
950 ## - LOCAL HOLDINGS (RLIN)
-- 1
Holdings
Withdrawn status Lost status Source of classification or shelving scheme Not for loan Home library Current library Date acquired Total Checkouts Full call number Barcode Date last seen Price effective from Koha item type Cost, normal purchase price Copy number
    Library of Congress Classification   Kabarak, Main Campus Kabarak, Main Campus 17/12/2015   H61.4 .D54 2004 c.1 23081 02/08/2024 17/12/2015 General Collection    
    Library of Congress Classification   Kabarak, Main Campus Kabarak, Main Campus 31/05/2018   H61.4 .D54 2004 c.2 025234 02/08/2024 31/05/2018 General Collection 5725.00  
    Library of Congress Classification   Kabarak, Main Campus Kabarak, Main Campus 31/05/2018   H61.4 .D54 2004 c.3 025233 02/08/2024 31/05/2018 General Collection 5725.00  
    Library of Congress Classification   Kabarak, Main Campus Kabarak, Main Campus 06/08/2018   H61.4 .D54 2004 c. 4 025904 02/08/2024 06/08/2018 General Collection 5725.00 c. 4
    Library of Congress Classification   Kabarak, Main Campus Kabarak, Main Campus 06/08/2018   H61.4 .D54 2004 c. 5 025905 02/08/2024 06/08/2018 General Collection 5725.00 c. 5
    Library of Congress Classification   Kabarak, Main Campus Kabarak, Main Campus 06/08/2018   H61.4 .D54 2004 c. 6 025906 02/08/2024 06/08/2018 General Collection 5725.00 c. 6
Designed with assistance from East African Informatics Ltd